Experimental Metaphysics (Record no. 47253)

MARC details
000 -LEADER
fixed length control field 01821nam a2200241Ia 4500
000 - LEADER
fixed length control field 01950naaa 00241uu
001 - CONTROL NUMBER
control field https://directory.doabooks.org/handle/20.500.12854/70702
005 - DATE AND TIME OF LATEST TRANSACTION
control field 20211222135039.0
008 - FIXED-LENGTH DATA ELEMENTS--GENERAL INFORMATION
fixed length control field 211013s9999 xx 000 0 und d
042 ## - AUTHENTICATION CODE
Authentication code dc
245 #0 - TITLE STATEMENT
Title Experimental Metaphysics
260 ## - PUBLICATION, DISTRIBUTION, ETC.
Place of publication, distribution, etc. London
Name of publisher, distributor, etc. Bloomsbury Academic
Date of publication, distribution, etc. 2017
300 ## - PHYSICAL DESCRIPTION
Extent 1 electronic resource (224 p.)
520 ## - SUMMARY, ETC.
Summary, etc. Metaphysics, almost entirely neglected by experimental philosophers, is the central focus of Experimental Metaphysics. The volume brings together a range of views aimed at addressing the question of how cognitive science might be relevant to metaphysics. With contributions from cognitive scientists and philosophers, chapters focus on theoretical and empirical issues involving the potential role of cognitive science in metaphysics. Alongside topics such as free will, objects and causation, in which relevant empirical evidence is discussed and connected to relevant metaphysical issues, more programmatic papers explore theoretical issues centered on the connection between cognitive science and metaphysics. This balanced approach exposes metaphysicians to philosophically relevant work in cognitive science, while showing cognitive scientists the ways in which their work might be important for philosophers. Presenting cutting-edge empirical and theoretical research, Experimental Metaphysics pushes forward the discussion and encourages further engagement with issues at the intersection of cognitive science and metaphysics.
540 ## - TERMS GOVERNING USE AND REPRODUCTION NOTE
Terms governing use and reproduction All rights reserved
653 ## - INDEX TERM--UNCONTROLLED
Uncontrolled term metaphysics
700 1# - ADDED ENTRY--PERSONAL NAME
Personal name Rose, David
700 1# - ADDED ENTRY--PERSONAL NAME
Personal name Rose, David
856 ## - ELECTRONIC LOCATION AND ACCESS
Uniform Resource Identifier <a href="https://directory.doabooks.org/handle/20.500.12854/70702">https://directory.doabooks.org/handle/20.500.12854/70702</a>
856 ## - ELECTRONIC LOCATION AND ACCESS
Uniform Resource Identifier <a href="www.oapen.org">www.oapen.org</a>
942 ## - ADDED ENTRY ELEMENTS (KOHA)
Koha item type E-Book
Holdings
Withdrawn status Source of classification or shelving scheme Damaged status Not for loan Home library Current library Date acquired Total Checkouts Date last seen Price effective from Koha item type
  Library of Congress Classification   Not For Loan Directory of Open Access Books Directory of Open Access Books 12/22/2021   12/22/2021 12/22/2021 E-Book

University of Rizal System
Email us at univlibservices@urs.edu.ph

Visit our Website www.urs.edu.ph/library